| 000 | 00849nac a22002771u 4500 | ||
|---|---|---|---|
| 999 |
_c9563 _d9563 |
||
| 003 | EG-ScBUE | ||
| 005 | 20210130100028.0 | ||
| 008 | 200219s1982 nyu f 000 1 eng d | ||
| 020 | _a0385180187 | ||
| 040 |
_aEG-ScBUE _beng _erda _cEG-ScBUE _dEG-ScBUE |
||
| 082 | 0 | 4 |
_a813.54 _bSTE _222 |
| 100 | 1 |
_aStern, Richard Martin, _d1915-2001, _eauthor. |
|
| 245 | 1 | 4 |
_aThe big bridge / _cRichard Martin Stern. |
| 250 | _aFirst edition. | ||
| 264 | 1 |
_aNew York : _bDoubleday & Company, Inc, _c1982. |
|
| 300 |
_a323 pages ; _c22 cm |
||
| 336 |
_2rdacontent _atext _btxt |
||
| 337 |
_2rdamedia _aunmediated _bn |
||
| 338 |
_2rdacarrier _avolume _bnc |
||
| 500 | _adistributer: Al-Ahram | ||
| 650 | 7 |
_aAmerican fiction. _2BUEsh |
|
| 651 | _2BUEsh | ||
| 653 |
_bHHUUEENN _cJanuary2021 |
||
| 655 |
_vReading book _934232 |
||
| 942 |
_cBB _k813.54STE _2ddc |
||